[Event "Dallas UTD-B"]
[Site "Dallas"]
[Date "2009.11.25"]
[Round "5"]
[White "Safin, Artur K"]
[Black "Annakov, Babakuli"]
[Result "1/2-1/2"]
[WhiteElo "2115"]
[BlackElo "2451"]
[PlyCount "54"]
[EventDate "2009.11.21"]
[EventType "tourn"]
[EventRounds "9"]
[EventCountry "USA"]
[EventCategory "2"]
[SourceTitle "CBM 133 Extra"]
[Source "ChessBase"]
[SourceDate "2010.01.05"]
[SourceVersion "1"]
[SourceVersionDate "2010.01.05"]
[SourceQuality "1"]

1. e4 d6 2. d4 Nf6 3. f3 c6 4. c4 e5 5. Be3 Nbd7 6. d5 Be7 7. Nc3 0-0 8. Bd3 Ne8 9. Qd2 g6 10. 0-0-0 Nb6 11. g4 cxd5 12. Nxd5 Nxd5 13. cxd5 Bh4 14. Ne2 Nf6 15. Kb1 Ne8 16. h3 Qe7 17. f4 exf4 18. Bxf4 Bf6 19. Rdg1 Bg7 20. Qb4 Bd7 21. g5 a6 22. Nd4 Rc8 23. h4 b5 24. Re1 a5 25. Nf5 gxf5 26. exf5 Qd8 27. Qd2 f6 1/2-1/2

[Event "Dallas UTD-B"]
[Site "Dallas"]
[Date "2009.11.24"]
[Round "4"]
[White "Annakov, Babakuli"]
[Black "Yeager, Daniel A"]
[Result "1/2-1/2"]
[WhiteElo "2451"]
[BlackElo "2259"]
[PlyCount "23"]
[EventDate "2009.11.21"]
[EventType "tourn"]
[EventRounds "9"]
[EventCountry "USA"]
[EventCategory "2"]
[SourceTitle "CBM 133 Extra"]
[Source "ChessBase"]
[SourceDate "2010.01.05"]
[SourceVersion "1"]
[SourceVersionDate "2010.01.05"]
[SourceQuality "1"]

1. d4 d5 2. c4 c6 3. Nf3 Nf6 4. Nc3 a6 5. e3 e6 6. Bd3 dxc4 7. Bxc4 b5 8. Bb3 c5 9. 0-0 Bb7 10. Qe2 Nbd7 11. Rd1 Qc7 12. h3 1/2-1/2

[Event "Dallas UTD-B"]
[Site "Dallas"]
[Date "2009.11.21"]
[Round "1"]
[White "Annakov, Babakuli"]
[Black "Bayaraa, Zorigt"]
[Result "1/2-1/2"]
[WhiteElo "2451"]
[BlackElo "2194"]
[PlyCount "20"]
[EventDate "2009.11.21"]
[EventType "tourn"]
[EventRounds "9"]
[EventCountry "USA"]
[EventCategory "2"]
[SourceTitle "CBM 133 Extra"]
[Source "ChessBase"]
[SourceDate "2010.01.05"]
[SourceVersion "1"]
[SourceVersionDate "2010.01.05"]
[SourceQuality "1"]

1. d4 d5 2. c4 c6 3. Nf3 Nf6 4. Nc3 a6 5. cxd5 cxd5 6. Bf4 Bf5 7. e3 e6 8. Bd3 Bxd3 9. Qxd3 Bd6 10. Bxd6 Qxd6 1/2-1/2

[Event "Richardson UTD IM"]
[Site "Richardson"]
[Date "2008.11.29"]
[Round "7"]
[White "Annakov, Babakuli"]
[Black "Bantic, Mihail"]
[Result "1-0"]
[WhiteElo "2455"]
[BlackElo "2195"]
[PlyCount "58"]
[EventDate "2008.11.26"]
[EventType "tourn"]
[EventRounds "9"]
[EventCountry "USA"]
[EventCategory "2"]
[SourceTitle "CBM 127 Extra"]
[Source "ChessBase"]
[SourceDate "2009.01.08"]
[SourceVersion "2"]
[SourceVersionDate "2009.01.28"]
[SourceQuality "1"]

1. d4 d5 2. c4 c6 3. Nf3 Nf6 4. Nc3 e6 5. e3 Nbd7 6. Bd3 dxc4 7. Bxc4 b5 8. Bb3 a6 9. 0-0 Bb7 10. e4 b4 11. e5 bxc3 12. exf6 cxb2 13. fxg7 bxc1Q 14. gxh8Q Qh6 15. Qc1 Qh5 16. Qf4 Qb6 17. Qg8 Qf5 18. Qgg5 Qxf4 19. Qxf4 Be7 20. Rfe1 Nf6 21. Ne5 Qc7 22. Qg3 Bf8 23. Qf3 Be7 24. Rac1 c5 25. Qg3 0-0-0 26. Nxf7 Rg8 27. Bxe6+ Kb8 28. Qxc7+ Kxc7 29. Bh3 Nd5 1-0

[Event "Richardson UTD IM"]
[Site "Richardson"]
[Date "2008.11.29"]
[Round "8"]
[White "Vedrickas, Tautvydas"]
[Black "Annakov, Babakuli"]
[Result "1/2-1/2"]
[WhiteElo "2268"]
[BlackElo "2455"]
[PlyCount "33"]
[EventDate "2008.11.26"]
[EventType "tourn"]
[EventRounds "9"]
[EventCountry "USA"]
[EventCategory "2"]
[SourceTitle "CBM 127 Extra"]
[Source "ChessBase"]
[SourceDate "2009.01.08"]
[SourceVersion "2"]
[SourceVersionDate "2009.01.28"]
[SourceQuality "1"]

1. d4 d6 2. Nf3 f5 3. g3 Nf6 4. Bg2 g6 5. 0-0 Bg7 6. b3 0-0 7. Bb2 c6 8. Nbd2 Kh8 9. a4 a5 10. Re1 Ne4 11. Nc4 Be6 12. Nfd2 d5 13. Ne5 Nd7 14. Nd3 Qb6 15. Nf3 Rad8 16. e3 g5 17. h4 1/2-1/2

[Event "Richardson UTD IM"]
[Site "Richardson"]
[Date "2008.11.27"]
[Round "4"]
[White "Annakov, Babakuli"]
[Black "Bayaraa, Zorigt"]
[Result "1-0"]
[WhiteElo "2455"]
[BlackElo "2203"]
[PlyCount "66"]
[EventDate "2008.11.26"]
[EventType "tourn"]
[EventRounds "9"]
[EventCountry "USA"]
[EventCategory "2"]
[SourceTitle "CBM 127 Extra"]
[Source "ChessBase"]
[SourceDate "2009.01.08"]
[SourceVersion "2"]
[SourceVersionDate "2009.01.28"]
[SourceQuality "1"]

1. d4 Nf6 2. c4 e6 3. Nc3 Bb4 4. Qc2 0-0 5. Nf3 b6 6. e4 d5 7. e5 Ne4 8. Bd3 Bb7 9. 0-0 Bxc3 10. bxc3 h6 11. cxd5 exd5 12. c4 Na6 13. Rb1 c5 14. cxd5 Qxd5 15. Bc4 Qd7 16. Bxa6 Bxa6 17. Qxe4 Bxf1 18. Kxf1 cxd4 19. Nxd4 Qa4 20. Be3 Qxa2 21. Nf5 Kh8 22. Rd1 Rac8 23. Nd6 Rc7 24. g3 Rb8 25. Kg2 a6 26. Qd4 Qe6 27. Ra1 a5 28. Rb1 Rd7 29. Rb5 f6 30. Bf4 g5 31. Be3 Kg8 32. Qe4 fxe5 33. Nf5 Rc8 1-0

[Event "Richardson UTD IM"]
[Site "Richardson"]
[Date "2008.11.26"]
[Round "2"]
[White "Annakov, Babakuli"]
[Black "Kraai, Jesse"]
[Result "1/2-1/2"]
[WhiteElo "2455"]
[BlackElo "2502"]
[PlyCount "25"]
[EventDate "2008.11.26"]
[EventType "tourn"]
[EventRounds "9"]
[EventCountry "USA"]
[EventCategory "2"]
[SourceTitle "CBM 127 Extra"]
[Source "ChessBase"]
[SourceDate "2009.01.08"]
[SourceVersion "2"]
[SourceVersionDate "2009.01.28"]
[SourceQuality "1"]

1. d4 Nf6 2. c4 e6 3. Nc3 Bb4 4. Qc2 0-0 5. Nf3 c5 6. dxc5 Na6 7. g3 Nxc5 8. Bg2 Nce4 9. 0-0 Nxc3 10. bxc3 Be7 11. e4 d6 12. e5 dxe5 13. Nxe5 1/2-1/2

[Event "Moscow Aeroflot op-A"]
[Site "Moscow"]
[Date "2004.02.20"]
[Round "4"]
[White "Kholmov, Ratmir D"]
[Black "Annakov, Babakuli"]
[Result "1-0"]
[WhiteElo "2441"]
[BlackElo "2513"]
[PlyCount "73"]
[EventDate "2004.02.17"]
[EventType "swiss"]
[EventRounds "9"]
[EventCountry "RUS"]
[SourceTitle "EXT 2005"]
[Source "ChessBase"]
[SourceDate "2004.11.15"]
[SourceVersion "1"]
[SourceVersionDate "2004.11.15"]
[SourceQuality "1"]

1. e4 c5 2. Nf3 Nc6 3. Bb5 Qb6 4. Nc3 e6 5. 0-0 a6 6. Bc4 d6 7. Re1 Nf6 8. d3 Be7 9. a3 Qc7 10. h3 0-0 11. Bg5 b5 12. Ba2 Bb7 13. Qe2 Rac8 14. Nd1 a5 15. c3 Qb6 16. Ne3 Rfd8 17. Rad1 Ba6 18. Nd2 b4 19. Ndc4 Qc7 20. Bf4 Qb7 21. e5 dxe5 22. Nxe5 Nxe5 23. Bxe5 Nd7 24. Bg3 bxc3 25. bxc3 Bf6 26. Qc2 Ne5 27. Bxe5 Bxe5 28. Bc4 Bf6 29. Bxa6 Qxa6 30. Nc4 a4 31. Nb2 Qb5 32. Re4 Qb3 33. Qxb3 axb3 34. Rc4 Ra8 35. a4 Rd5 36. Ra1 Bd8 37. Ra3 1-0

[Event "Moscow Aeroflot op-A"]
[Site "Moscow"]
[Date "2004.02.19"]
[Round "3"]
[White "Annakov, Babakuli"]
[Black "Sebag, Marie"]
[Result "0-1"]
[WhiteElo "2513"]
[BlackElo "2404"]
[PlyCount "44"]
[EventDate "2004.02.17"]
[EventType "swiss"]
[EventRounds "9"]
[EventCountry "RUS"]
[SourceTitle "EXT 2005"]
[Source "ChessBase"]
[SourceDate "2004.11.15"]
[SourceVersion "1"]
[SourceVersionDate "2004.11.15"]
[SourceQuality "1"]

1. d4 d5 2. c4 c6 3. Nf3 Nf6 4. a3 a6 5. c5 Nbd7 6. Bf4 Nh5 7. e3 g6 8. Bd3 Bg7 9. 0-0 Nxf4 10. exf4 Qc7 11. Qd2 0-0 12. Rd1 Re8 13. h4 Bh6 14. Ng5 Nf8 15. g3 f6 16. Nf3 Bg4 17. Nh2 Bd7 18. Qe3 Ne6 19. Nf3 Nxf4 20. gxf4 Qxf4 21. Nh2 Qxh4 22. Qf3 Qxd4 0-1

[Event "Moscow Aeroflot op-A"]
[Site "Moscow"]
[Date "2004.02.17"]
[Round "1"]
[White "Annakov, Babakuli"]
[Black "Volkov, Sergey"]
[Result "0-1"]
[WhiteElo "2513"]
[BlackElo "2630"]
[PlyCount "56"]
[EventDate "2004.02.17"]
[EventType "swiss"]
[EventRounds "9"]
[EventCountry "RUS"]
[SourceTitle "CBM 100"]
[Source "ChessBase"]
[SourceDate "2004.06.01"]
[SourceVersion "1"]
[SourceVersionDate "2004.06.01"]
[SourceQuality "1"]

1. d4 d5 2. c4 c6 3. Nf3 Nf6 4. Nc3 a6 5. e3 b5 6. b3 Bf5 7. Bd3 e6 8. 0-0 Bd6 9. Bb2 0-0 10. Ne5 Bxd3 11. Qxd3 dxc4 12. Qe2 b4 13. Na4 c3 14. Bc1 Qc7 15. a3 a5 16. f4 Nbd7 17. e4 c5 18. Nc4 Be7 19. e5 Nd5 20. f5 cxd4 21. f6 N7xf6 22. exf6 Bxf6 23. Qe4 Rad8 24. Rf3 Rfe8 25. Ra2 e5 26. Re2 Re6 27. Qg4 e4 28. Rxe4 h5 0-1

[Event "World op 31st"]
[Site "Philadelphia"]
[Date "2003.07.05"]
[Round "7"]
[White "Annakov, Babakuli"]
[Black "Sharafuddin, Khalle"]
[Result "1/2-1/2"]
[WhiteElo "2514"]
[BlackElo "2315"]
[PlyCount "64"]
[EventDate "2003.06.30"]
[EventType "swiss"]
[EventRounds "9"]
[EventCountry "USA"]
[SourceTitle "EXT 2004"]
[Source "ChessBase"]
[SourceDate "2003.11.25"]
[SourceVersion "1"]
[SourceVersionDate "2003.11.25"]
[SourceQuality "1"]

1. d4 e6 2. c4 b6 3. a3 Bb7 4. Nc3 f5 5. d5 exd5 6. cxd5 Nf6 7. g3 g6 8. Bg2 Bg7 9. Nf3 0-0 10. 0-0 Na6 11. Be3 Nc5 12. Bxc5 bxc5 13. Nd2 d6 14. b4 Ng4 15. Qc2 Qf6 16. Rac1 cxb4 17. axb4 Rf7 18. Nc4 Re8 19. e3 g5 20. Qa4 Ree7 21. Qxa7 Bc8 22. Ne2 Qh6 23. h3 Ne5 24. Nxe5 dxe5 25. Rxc7 Rxc7 26. Qxc7 Ba6 27. Re1 f4 28. b5 Bxb5 29. Nc3 Ba6 30. Qc6 Rf6 31. d6 Rxd6 32. Qe8+ Bf8 1/2-1/2

[Event "Las Vegas National op"]
[Site "Las Vegas"]
[Date "2002.03.10"]
[Round "6"]
[White "Annakov, Babakuli"]
[Black "Hayward, Keith Rex"]
[Result "1-0"]
[WhiteElo "2532"]
[BlackElo "2290"]
[PlyCount "37"]
[EventDate "2002.03.08"]
[EventType "swiss"]
[EventRounds "6"]
[EventCountry "USA"]
[SourceTitle "CBM 087 Extra"]
[Source "ChessBase"]
[SourceDate "2002.05.03"]
[SourceVersion "2"]
[SourceVersionDate "2002.08.09"]
[SourceQuality "1"]

1. d4 d5 2. c4 e6 3. Nf3 c6 4. Nbd2 Nf6 5. e3 Nbd7 6. Bd3 Bd6 7. 0-0 0-0 8. e4 dxe4 9. Nxe4 Nxe4 10. Bxe4 f5 11. Bc2 e5 12. Bg5 Be7 13. Bxe7 Qxe7 14. Nxe5 Nxe5 15. Re1 Rd8 16. Rxe5 Qf6 17. Qe2 Rxd4 18. Re8+ Kf7 19. Re1 1-0

[Event "North American op"]
[Site "Las Vegas"]
[Date "2000.12.27"]
[Round "2"]
[White "Ellis, James S"]
[Black "Annakov, Babakuli"]
[Result "1-0"]
[WhiteElo "2146"]
[BlackElo "2565"]
[PlyCount "69"]
[EventDate "2000.12.26"]
[EventType "swiss"]
[EventRounds "6"]
[EventCountry "USA"]
[SourceTitle "EXT 2002"]
[Source "ChessBase"]
[SourceDate "2001.11.25"]
[SourceVersion "1"]
[SourceVersionDate "2001.11.25"]
[SourceQuality "1"]

1. e4 c5 2. Nf3 Nc6 3. d4 cxd4 4. Nxd4 Qb6 5. Nb3 Nf6 6. Nc3 e6 7. Bd3 Be7 8. Be3 Qc7 9. f4 d6 10. Qf3 a6 11. g4 b5 12. g5 Nd7 13. 0-0-0 Bb7 14. Rhg1 Rc8 15. Kb1 Nc5 16. Qh3 Na4 17. Ne2 Nb4 18. Rc1 g6 19. f5 e5 20. Rgf1 Qd7 21. Qh6 Bf8 22. Qh4 Nc5 23. Nxc5 dxc5 24. Rcd1 Qc7 25. fxg6 fxg6 26. Nc3 Nxd3 27. Rxd3 Rd8 28. Rxd8+ Qxd8 29. Qf2 Qc7 30. Qf6 Bg7 31. Qe6+ Qe7 32. Qb6 c4 33. Bc5 Qd7 34. Rd1 Qc8 35. Qd6 1-0

[Event "Abu Dhabi op 10th"]
[Site "Abu Dhabi"]
[Date "2000.09.03"]
[Round "8"]
[White "Bajarani, Ilgar"]
[Black "Annakov, Babakuli"]
[Result "0-1"]
[WhiteElo "2354"]
[BlackElo "2565"]
[PlyCount "70"]
[EventDate "2000.08.26"]
[EventType "swiss"]
[EventRounds "9"]
[EventCountry "UAE"]
[SourceTitle "CBM 077 Extra"]
[Source "ChessBase"]
[SourceDate "2000.09.14"]
[SourceVersion "1"]
[SourceVersionDate "2000.09.14"]
[SourceQuality "1"]

1. e4 c5 2. Nc3 Nc6 3. Nge2 Nf6 4. g3 g6 5. Bg2 Bg7 6. 0-0 0-0 7. f4 d6 8. d3 Rb8 9. h3 Nd7 10. f5 b5 11. g4 b4 12. Nd5 e6 13. Ndf4 Nb6 14. Rb1 Re8 15. Be3 a5 16. c4 bxc3 17. bxc3 Bd7 18. Qd2 Ne5 19. c4 a4 20. a3 Qc7 21. Qc2 Nc6 22. f6 Bf8 23. h4 d5 24. h5 Ne5 25. hxg6 hxg6 26. cxd5 exd5 27. g5 Ng4 28. Bd2 c4 29. d4 dxe4 30. Bxe4 Bc6 31. Ng3 Bxe4 32. Nxe4 Nd5 33. Rbe1 Rb3 34. Nc3 Rxe1 35. Bxe1 Nxf4 0-1

[Event "Abu Dhabi op 10th"]
[Site "Abu Dhabi"]
[Date "2000.08.26"]
[Round "1"]
[White "Ghorbani, Mohsen"]
[Black "Annakov, Babakuli"]
[Result "1/2-1/2"]
[WhiteElo "2351"]
[BlackElo "2565"]
[PlyCount "97"]
[EventDate "2000.08.26"]
[EventType "swiss"]
[EventRounds "9"]
[EventCountry "UAE"]
[SourceTitle "CBM 077 Extra"]
[Source "ChessBase"]
[SourceDate "2000.09.14"]
[SourceVersion "1"]
[SourceVersionDate "2000.09.14"]
[SourceQuality "1"]

1. d4 Nf6 2. c4 c5 3. Nf3 cxd4 4. Nxd4 e5 5. Nb5 d5 6. cxd5 Bc5 7. e3 0-0 8. N5c3 e4 9. Be2 Bf5 10. a3 a6 11. Nd2 Re8 12. b4 Ba7 13. Nb3 h6 14. Bb2 Nbd7 15. Rc1 Ne5 16. Nc5 Bxc5 17. bxc5 Nd3+ 18. Bxd3 exd3 19. d6 b6 20. Qf3 Bg4 21. Qf4 bxc5 22. h3 Rb8 23. Ba1 Bh5 24. g4 Bg6 25. f3 Qa5 26. 0-0 Qxa3 27. e4 c4 28. Nd1 Qc5+ 29. Nf2 Nd7 30. Kg2 Rb3 31. Rfd1 Qb5 32. Qe3 f6 33. Nh1 Rc8 34. Ng3 Qc5 35. Qxc5 Rxc5 36. f4 a5 37. Bd4 Rc6 38. e5 fxe5 39. fxe5 Rb5 40. e6 Rxd6 41. Rxc4 Rxe6 42. Rc7 Rd5 43. Bc3 Ra6 44. h4 Ra8 45. h5 Bh7 46. Re1 Kf7 47. Kf1 Re8 48. Rxe8 Kxe8 49. Ra7 1/2-1/2

[Event "New York op"]
[Site "New York"]
[Date "2000.05.06"]
[Round "4"]
[White "Annakov, Babakuli"]
[Black "Maki Uuro, Miika"]
[Result "0-1"]
[WhiteElo "2600"]
[BlackElo "2341"]
[PlyCount "62"]
[EventDate "2000.05.05"]
[EventType "swiss"]
[EventRounds "9"]
[EventCountry "USA"]
[SourceTitle "CBM 076 Extra"]
[Source "ChessBase"]
[SourceDate "2000.07.11"]
[SourceVersion "1"]
[SourceVersionDate "2000.07.11"]
[SourceQuality "1"]

1. d4 Nf6 2. c4 e6 3. Nc3 Bb4 4. Qc2 d5 5. cxd5 exd5 6. Bg5 h6 7. Bxf6 Qxf6 8. a3 Bxc3+ 9. Qxc3 0-0 10. e3 Bf5 11. Nf3 Nd7 12. Rc1 Rfc8 13. b4 a5 14. Be2 axb4 15. axb4 Ra2 16. Ra1 Qc6 17. Rc1 Qxc3+ 18. Rxc3 Rb2 19. b5 Rb1+ 20. Bd1 Rxb5 21. 0-0 Rb2 22. Nh4 Be6 23. f4 Nf6 24. Bc2 Ne4 25. Bxe4 dxe4 26. Rc5 c6 27. Re5 Ra8 28. Rxe4 Bd5 29. Re5 f6 30. Re7 Raa2 31. f5 Rxg2+ 0-1

[Event "Oz.com qual blitz"]
[Site "ICC INT"]
[Date "2000.03.05"]
[Round "7"]
[White "Annakov, Babakuli"]
[Black "Busquets, Luis"]
[Result "1-0"]
[WhiteElo "2600"]
[BlackElo "2252"]
[PlyCount "63"]
[EventDate "2000.03.05"]
[EventType "swiss (blitz)"]
[EventRounds "9"]
[EventCountry "USA"]
[SourceTitle "EXT 2001"]
[Source "ChessBase"]
[SourceDate "2000.11.22"]
[SourceVersion "1"]
[SourceVersionDate "2000.11.22"]
[SourceQuality "1"]

1. d4 Nf6 2. c4 g6 3. Nc3 Bg7 4. e4 d6 5. Nf3 0-0 6. Be2 e5 7. d5 a5 8. Nd2 Na6 9. h4 Nc5 10. h5 gxh5 11. Bxh5 Nd3+ 12. Kf1 Nf4 13. Bf3 Ne8 14. Qc2 f5 15. g3 Ng6 16. exf5 Bxf5 17. Nde4 Nf6 18. Bg5 Qd7 19. Kg2 Rf7 20. Rh2 Raf8 21. Rah1 Nxe4 22. Bxe4 Bxe4+ 23. Nxe4 Qf5 24. Qe2 Bh8 25. Kg1 b6 26. Rh5 Qd7 27. Be3 Nf4 28. Rg5+ Rg7 29. gxf4 exf4 30. Bc1 f3 31. Qe3 Rf5 32. Rxg7+ 1-0

[Event "Oz.com qual blitz"]
[Site "ICC INT"]
[Date "2000.03.05"]
[Round "4"]
[White "Fernandez, Lautaro"]
[Black "Annakov, Babakuli"]
[Result "0-1"]
[WhiteElo "2025"]
[BlackElo "2600"]
[PlyCount "96"]
[EventDate "2000.03.05"]
[EventType "swiss (blitz)"]
[EventRounds "9"]
[EventCountry "USA"]
[SourceTitle "EXT 2001"]
[Source "ChessBase"]
[SourceDate "2000.11.22"]
[SourceVersion "1"]
[SourceVersionDate "2000.11.22"]
[SourceQuality "1"]

1. e4 c5 2. Nf3 Nc6 3. d4 cxd4 4. Nxd4 Qb6 5. Nb3 Nf6 6. Be3 Qc7 7. Nc3 e6 8. a3 d6 9. Be2 a6 10. 0-0 b5 11. Kh1 Bb7 12. f4 Be7 13. Bf3 0-0 14. Qe1 Rac8 15. Rd1 b4 16. Na4 bxa3 17. bxa3 Nd7 18. Rc1 a5 19. Qf2 Ba6 20. Rfd1 Rb8 21. Nd4 Nxd4 22. Bxd4 Rfc8 23. h3 Bf8 24. Be2 Bxe2 25. Qxe2 Qc6 26. Nc3 e5 27. fxe5 dxe5 28. Bg1 Qxc3 29. Rxd7 Rd8 30. Ra7 Qxa3 31. Rf1 f6 32. Qc4+ Kh8 33. Rxf6 Rb1 34. Kh2 Rxg1 35. Kxg1 Qc5+ 36. Qxc5 Bxc5+ 37. Kh2 Bxa7 38. Ra6 Be3 39. Rxa5 h5 40. h4 Bd4 41. g4 hxg4 42. Kg3 Rc8 43. Ra2 Kh7 44. Kxg4 Rf8 45. Kg5 Be3+ 46. Kg4 Rf4+ 47. Kg3 Bf2+ 48. Kg2 Bxh4 0-1

[Event "Oz.com qual blitz"]
[Site "ICC INT"]
[Date "2000.03.05"]
[Round "2"]
[White "Szmetan, Jorge"]
[Black "Annakov, Babakuli"]
[Result "1-0"]
[WhiteElo "2401"]
[BlackElo "2600"]
[PlyCount "71"]
[EventDate "2000.03.05"]
[EventType "swiss (blitz)"]
[EventRounds "9"]
[EventCountry "USA"]
[SourceTitle "EXT 2001"]
[Source "ChessBase"]
[SourceDate "2000.11.22"]
[SourceVersion "1"]
[SourceVersionDate "2000.11.22"]
[SourceQuality "1"]

1. Nf3 d5 2. c4 c6 3. d4 Nf6 4. Nc3 a6 5. e3 g6 6. Be2 Bg7 7. 0-0 0-0 8. Ne5 Nfd7 9. f4 e6 10. b3 Nxe5 11. fxe5 b5 12. cxd5 cxd5 13. Ba3 Re8 14. Rc1 Bb7 15. Bd3 Nd7 16. Rc2 Qa5 17. Bd6 Rac8 18. Qd2 Qb6 19. b4 f5 20. exf6 Bxf6 21. Bc5 Nxc5 22. bxc5 Qd8 23. Qd1 e5 24. Qg4 Kg7 25. Rcf2 Rf8 26. Ne2 Qe7 27. dxe5 Qxe5 28. Nf4 Rce8 29. Nxg6 Qxe3 30. Nxf8+ Kxf8 31. Kh1 Ke7 32. Re2 d4 33. Rxe3+ dxe3 34. Be4 Bxe4 35. Qxe4+ Kf7 36. Qxh7+ 1-0

[Event "Hastings Challengers"]
[Site "Hastings"]
[Date "2000.01.03"]
[Round "6"]
[White "Annakov, Babakuli"]
[Black "Prescha, Frank"]
[Result "1-0"]
[WhiteElo "2600"]
[BlackElo "2303"]
[PlyCount "53"]
[EventDate "1999.12.29"]
[EventType "swiss"]
[EventRounds "9"]
[EventCountry "ENG"]
[SourceTitle "CBM 074 Extra"]
[Source "ChessBase"]
[SourceDate "2000.03.10"]
[SourceVersion "2"]
[SourceVersionDate "2000.03.10"]
[SourceQuality "1"]

1. d4 d5 2. c4 c6 3. Nc3 e5 4. e3 exd4 5. exd4 Nf6 6. Nf3 Be7 7. h3 0-0 8. Bd3 dxc4 9. Bxc4 Nbd7 10. 0-0 Nb6 11. Bb3 Nbd5 12. Re1 Re8 13. Bg5 Be6 14. Ne5 Qd6 15. Qf3 Rad8 16. Rad1 Nxc3 17. bxc3 Bd5 18. Qf5 Bxb3 19. axb3 g6 20. Qf4 b5 21. c4 Rc8 22. Re3 Rf8 23. Qh4 h6 24. Qxh6 Rce8 25. Rde1 Nh7 26. Bf4 g5 27. Nxf7 1-0

[Event "Texas-ch"]
[Site "Dallas"]
[Date "2000.??.??"]
[Round "6"]
[White "Annakov, Babakuli"]
[Black "Langer, Mikhail"]
[Result "1/2-1/2"]
[WhiteElo "2600"]
[BlackElo "2259"]
[PlyCount "110"]
[EventDate "2000.06.??"]
[EventType "swiss"]
[EventRounds "6"]
[EventCountry "USA"]
[SourceTitle "EXT 2001"]
[Source "ChessBase"]
[SourceDate "2000.11.22"]
[SourceVersion "1"]
[SourceVersionDate "2000.11.22"]
[SourceQuality "1"]

1. d4 Nf6 2. c4 c5 3. d5 e6 4. Nc3 exd5 5. cxd5 d6 6. e4 g6 7. h3 Bg7 8. Nf3 0-0 9. Bd3 b6 10. 0-0 Ba6 11. Bf4 c4 12. Bc2 b5 13. a3 Qb6 14. Re1 Nbd7 15. e5 dxe5 16. Nxe5 Rfe8 17. Qf3 Bb7 18. Rad1 Nc5 19. Bg5 Ncd7 20. Nc6 a6 21. Re3 Rxe3 22. Bxe3 Qc7 23. Bf4 Qb6 24. a4 b4 25. Be3 Qc7 26. Nxb4 Ne5 27. Qe2 Qd6 28. Bf4 Qxb4 29. Bxe5 Re8 30. Qe3 Qxb2 31. Qd4 Ne4 32. Bxg7 Qxc2 33. Re1 Qxc3 34. Qxc3 Nxc3 35. Rxe8+ Kxg7 36. d6 Bc6 37. Rc8 Ne2+ 38. Kf1 Nd4 39. d7 Bxd7 40. Rd8 Bxa4 41. Rxd4 Bb3 42. Ke1 a5 43. Kd2 a4 44. Rd6 a3 45. Ra6 a2 46. f4 f5 47. Ra7+ Kf6 48. Ra6+ Ke7 49. Kc3 Kd7 50. Kb4 Kc7 51. g3 Kb7 52. Ra5 Kb6 53. Ra8 Kc6 54. Ra5 Kd6 55. Kc3 Kc6 1/2-1/2